Bài tập & lời giải quang học /

Na minha lista:
Detalhes bibliográficos
Outros Autores: Nguyễn Đức Bích (dịch.), Nguyễn Phúc Kỳ Thọ (dịch.), Phạm Văn Thiều (dịch.)
Formato: Sách giấy
Idioma:Vietnamese
Publicado em: H. : Giáo dục, 2008.
Assuntos:
Tags: Adicionar Tag
Sem tags, seja o primeiro a adicionar uma tag!
Thư viện lưu trữ: Thư viện Trường Đại học Đà Lạt
LEADER 00913nam a2200337 4500
001 DLU090065717
005 ##20090416
040 # # |a DLU  |b vie 
041 # # |a vie 
044 # # |a vn 
082 # # |a 536.076  |b Bai 
245 # # |a Bài tập & lời giải quang học /  |c Nguyễn Đức Bích, Phạm Văn Thiều, Nguyễn Phúc Kỳ Thọ dịch. 
246 # # |a Bài tập và lời giải quang học 
260 # # |a H. :  |b Giáo dục,  |c 2008. 
300 # # |a 192 tr. ;  |c 24 cm. 
653 # # |a Bài tập 
653 # # |a Quang học 
700 # # |a Nguyễn Đức Bích,  |e dịch. 
700 # # |a Nguyễn Phúc Kỳ Thọ,  |e dịch. 
700 # # |a Phạm Văn Thiều,  |e dịch. 
923 # # |a 23/2008 
991 # # |a GT 
992 # # |a 29000 
994 # # |a DLU 
900 # # |a True 
911 # # |a Đào Thị Thu Huyền 
925 # # |a G 
926 # # |a A 
927 # # |a SH 
980 # # |a Thư viện Trường Đại học Đà Lạt